Faculty of Law Library — Cairo University

Official Online Catalog

Les Questions De Nationalité / (Record no. 61435)

MARC details
000 -LEADER
fixed length control field 00897nam a2200301 i 4500
003 - CONTROL NUMBER IDENTIFIER
control field EG-GICUC
005 - DATE AND TIME OF LATEST TRANSACTION
control field 20260221192353.0
008 - FIXED-LENGTH DATA ELEMENTS--GENERAL INFORMATION
fixed length control field 260206s1936 ua ||||fr ||| 00| 0 fre d
040 ## - CATALOGING SOURCE
Original cataloging agency EG-GICUC
Transcribing agency EG-GICUC
Modifying agency EG-GICUC
Description conventions rda
Language of cataloging ara
041 0# - LANGUAGE CODE
Language code of text/sound track or separate title fre
082 04 - DEWEY DECIMAL CLASSIFICATION NUMBER
Edition number 21
Classification number 341.81
Item number AS . Q
092 04 - LOCALLY ASSIGNED DEWEY CALL NUMBER (OCLC)
Edition number 21
099 ## - LOCAL FREE-TEXT CALL NUMBER (OCLC)
Classification number Law1 12 341.81 AS . Q 1926
100 1# - MAIN ENTRY--PERSONAL NAME
Personal name Assabghy,A.
Relator term Auteur
245 ## - TITLE STATEMENT
Title Les Questions De Nationalité /
Statement of responsibility, etc. A.Assabghy .
264 #0 - PRODUCTION, PUBLICATION, DISTRIBUTION, MANUFACTURE, AND COPYRIGHT NOTICE
Place of production, publication, distribution, manufacture Le Caire :
Name of producer, publisher, distributor, manufacturer Imprimerie Misr ,
Date of production, publication, distribution, manufacture, or copyright notice 1926 .
300 ## - PHYSICAL DESCRIPTION
Extent 204 Pages;
Dimensions 30 cm.
336 ## - CONTENT TYPE
Content type term text
Source rda content
337 ## - MEDIA TYPE
Media type term Computer
Source rda media
338 ## - CARRIER TYPE
Carrier type term Online Resource
Source rda carrier
546 ## - LANGUAGE NOTE
Language note Texte en français
650 04 - SUBJECT ADDED ENTRY--TOPICAL TERM
Topical term or geographic name entry element Droit International Privé
650 04 - SUBJECT ADDED ENTRY--TOPICAL TERM
Topical term or geographic name entry element Nationalité
700 1# - ADDED ENTRY--PERSONAL NAME
Personal name Bey,E.Colombani
Relator term Auteur
856 ## - ELECTRONIC LOCATION AND ACCESS
Uniform Resource Identifier <a href="https://fll.law.cu.edu.eg/fulltext/th/B12-01882.pdf">https://fll.law.cu.edu.eg/fulltext/th/B12-01882.pdf</a>
905 ## - Cataloger and Reviser Names
Cataloger Name: Logain Ashraf
942 ## - ADDED ENTRY ELEMENTS (KOHA)
Source of classification or shelving scheme Dewey Decimal Classification
Koha item type Books
Edition 21
Suppress in OPAC No
Holdings
Withdrawn status Lost status Source of classification or shelving scheme Damaged status Not for loan Collection Home library Current library Date acquired Total checkouts Full call number Barcode Date last seen Copy number Price effective from Koha item type
    Dewey Decimal Classification   Not for loan القانون الدولي الخاص جــــامعة القــاهرة مكتبة كلية الحقوق - المبنى الرئيسي 06.02.2026   Law1 12 341.81 AS . Q 1926 1201882 C1 B12-01882 06.02.2026 1 06.02.2026 Books
    Dewey Decimal Classification     القانون الدولي الخاص جــــامعة القــاهرة مكتبة كلية الحقوق - المبنى الرئيسي 06.02.2026   Law1 12 341.81 AS . Q 1926 1201883 C2 B12-01883 06.02.2026 2 06.02.2026 Books

© All rights reserved — Faculty of Law, Cairo University